000 00763nam a2200229Ia 4500
005 20220614155906.0
008 210716s2010 xx 000 0 und d
020 _a9788132105695
040 _cAIMIT LIBRARY
041 _aeng
082 _a658.3124
_21
_bHUNJ
100 _aHunt, James M.
_942349
245 _aCoaching manager :
_bdeveloping top talent in business /
_cBy James M Hunt and Joseph R Weintraub.
250 _a2nd ed.
260 _aNew Delhi :
_bSage Publications ,
_c2010.
300 _axix, 304p. ;
_c23.5 cm.
650 _aAn overview of developmental coaching
_942350
650 _aThe coachable learner
_942351
650 _aThe coaching mirror
_942352
700 _aWeintraub, Joseph R.
_942353
942 _2ddc
_cBK
_e2nd
_k658.3124 HUNJ
999 _c207886
_d207886